000 00458nam a2200181Ia 4500
001 24188
005 20260414151026.0
008 260414t2005||||xx |||||||||||||| ||spa||
041 _aESP
082 _a792.0226
_bM26 2008 T. 3
100 _aMartí, Mónica
_eAUT
245 0 _aSombras chinescas y máscaras :
_bla sal del mar. El gato con botas
260 _c2005
300 _a
_c31 cm.
650 _aABD
654 _aCAU
942 _cLIB
_dJUS
_fJUS
_2ddc
_n
999 _c24188
_d24188